| 000 | 00360nam a2200145Ia 4500 | ||
|---|---|---|---|
| 008 | 100122s9999 xx 000 0 und d | ||
| 082 |
_b14733 _a823 |
||
| 100 | _aGREENE GRAHAM | ||
| 245 | _aTHE POWER AND THE GLORY | ||
| 260 |
_bHEINEMANN _c1963 |
||
| 300 | _a288 | ||
| 630 | _aTHE POWER AND THE GLORY | ||
| 730 | _aTHE POWER AND THE GLORY | ||
| 942 | _cBOOK | ||
| 999 |
_c445090 _d445087 |
||